مكتبة جامعة عجلون الوطنية

فهرس بحث المكتبة

Normal view MARC view
  • العقود الالكترونية ( قانون دولي ) -- العقود الالكترونية ( فقة اسلامي ) -- الأمم المتحدة - لجنة القانون التجاري الدولي

Entry Topical Term

Number of records used in: 1

001 - CONTROL NUMBER

  • control field: 43942

003 - CONTROL NUMBER IDENTIFIER

  • control field: JO-AjAnu

005 - DATE AND TIME OF LATEST TRANSACTION

  • control field: 20230606081259.0

008 - FIXED-LENGTH DATA ELEMENTS

  • fixed length control field: 230606|| aca||aabn | a|a d

040 ## - CATALOGING SOURCE

  • Original cataloging agency: JO-AjAnu
  • Transcribing agency: JO-AjAnu

150 ## - HEADING--TOPICAL TERM

  • Topical term or geographic name entry element: العقود الالكترونية ( قانون دولي ) -- العقود الالكترونية ( فقة اسلامي ) -- الأمم المتحدة - لجنة القانون التجاري الدولي

670 ## - SOURCE DATA FOUND

  • Source citation: Work cat.: (JO-AjAnu)22499: وهدان، رضا المتولي , author 43941, النظام القانوني للعقد الإلكتروني والمسئولية عن الإعتداءات الإلكترونية / دراسة مقارنة في القوانين الوطنية وقانون الإونسيترال النموزجى والفقة الإسلامي